El derecho de defensa en el proceso penal (Registro nro. 14857)

Detalles MARC
000 -ENCABEZADO
Número de control [NR] 01396nam a2200241Ia 4500
005 - FECHA Y HORA DE LA ÚLTIMA TRANSACCIÓN
control field 20250311111811.0
008 - DE LONGITUD FIJA DE DATOS DE ELEMENTOS - INFORMACIÓN GENERAL
Elementos de longitud fija [NR] 130821s1964 ck grmm spa
040 ## - FUENTE DE CATALOGACION [NR]
Agencia de catalogación original [NR] Co-BoUCM
Idioma de catalogación [NR] spa
Quien Cataloga Sandra Yazo (modificó)
Quien Clasifica Sandra Yazo (modificó)
041 ## - CODIGO DE IDIOMA [R]
Código de idioma para texto/pista de sonido o título separado [R] Español
092 ## - SIGNATURA TOPOGRAFICA LOCAL
Número de clasificación local TD 345.2
Item number F67
100 ## - ASIENTO PRINCIPAL--NOMBRE PERSONAL [NR]
Nombre personal [NR] Forero de Crabtree, Stella
ID Autoridad 184898
245 #3 - MENCION DE TITULO [NR]
Título [NR] El derecho de defensa en el proceso penal
Mención de responsabilidad, etc. [NR] Stella Forero de Crabtree
260 ## - PUBLICACION, DISTRIBUCION, ETC. (PIE DE IMPRENTA) [R]
Lugar de publicación, distribución, etc. [R] Bogotá (Colombia)
Nombre del editor, distribuidor, etc. [R] [Editorial desconocida]
Fecha de publicación, distribución, etc. [R] 1964
300 ## - DESCRIPCION FISICA [R]
Extensión [R] 125 páginas
Dimensiones [R] 28 x 20 cm
500 ## - NOTA GENERAL [R]
Nota general [NR] Detalles físicos: Encuadernación rígida en cartón forrado en percalina. Tapa delantera con letras en dorado. Texto mecanografiado en una sola columna
502 ## - NOTA DE TESIS [R]
Nota de tesis [NR] Tesis (Abogado). -- Colegio Mayor de Nuestra Señora del Rosario, Facultad de Jurisprudencia, 1964. Transferencia al Archivo Histórico 21 de febrero de 2025
505 2# - NOTA DE CONTENIDO CON FORMATO PREESTABLECIDO [R]
Nota de contenido con formato preestablecido [NR] La defensa del proceso penal ; Concepto histórico ; Acción penal ; Sujeto de la acción penal ; El proceso penal ; Derecho de defensa ; Derecho de defensa en los distintos procesos ; Derecho de defensa en Colombia ; El defensor ; El abogado como defensor ; La defensa de oficio ; Consagración legal
506 ## - NOTA DE RESTRICCIONES DE ACCESO [R]
Condiciones de acceso [NR] Consulta en sala
650 04 - ASIENTO SECUNDARIO DE MATERIA - TERMINO TEMATICO [R]
Término temático o nombre geográfico como elemento de entrada [NR] Defensa (Derecho)
9 (RLIN) 12520
650 04 - ASIENTO SECUNDARIO DE MATERIA - TERMINO TEMATICO [R]
Término temático o nombre geográfico como elemento de entrada [NR] Derecho penal
9 (RLIN) 12805
650 04 - ASIENTO SECUNDARIO DE MATERIA - TERMINO TEMATICO [R]
9 (RLIN) 7971
Término temático o nombre geográfico como elemento de entrada [NR] Procedimiento penal
942 ## - ELEMENTOS DE ENTRADA AGREGADOS (KOHA)
Sistema de clasificación DEWEY
Tema principal 8
Edición 1
Clasificación 345.2
Parte restante de la signatura top. F67
Tipo de ítem principal el descrito en 300a Tesis
Título oculto en OPAC No
Existencias
Suprimido Perdido Sistema de clasificación Dañado No prestable Ubicación habitual Ubicación actual Localización Fecha de creación Forma de adquisición Costo Signatura topográfica Código de barras Última vez visto Ejemplar Price effective from Tipo de ítem Nota pública (OPAC)
    DEWEY     Archivo Histórico Archivo Histórico Archivo histórico 28/02/2003 Donación 1000.00 TD 345.2 F67 100005911 05/06/2012 Ej.1 03/02/2013 Tesis TRANSFERENCIA CRAI C15